Geometrical drawing for art students / (Record no. 543877)
[ view plain ]
| 000 -LEADER | |
|---|---|
| fixed length control field | 00494mam a2200157 a 4500 |
| 082 ## - DEWEY DECIMAL CLASSIFICATION NUMBER | |
| Classification number | 516 |
| Author Mark | MOR |
| -- | L-12, P-59 |
| 100 1# - MAIN ENTRY--PERSONAL NAME | |
| Personal name | Morris, I. H. |
| 9 (RLIN) | 39378 |
| 245 10 - TITLE STATEMENT | |
| Title | Geometrical drawing for art students / |
| Statement of responsibility, etc. | by I.H. Morris ; edited by J.C. Scott. |
| 260 ## - PUBLICATION, DISTRIBUTION, ETC. | |
| Place of publication, distribution, etc. | Karachi |
| Name of publisher, distributor, etc. | Economy Publishers |
| Date of publication, distribution, etc. | 1963 |
| 300 ## - PHYSICAL DESCRIPTION | |
| Extent | 187 p. : |
| Other physical details | ill. ; |
| Dimensions | 20 cm. |
| 526 ## - STUDY PROGRAM INFORMATION NOTE | |
| Program name | 0 |
| Interest level | 0 |
| Reading level | 0 |
| Title point value | 516_000000000000000_MOR |
| 650 #0 - SUBJECT ADDED ENTRY--TOPICAL TERM | |
| Topical term or geographic name entry element | Geometrical drawing. |
| 9 (RLIN) | 2982 |
| 650 #0 - SUBJECT ADDED ENTRY--TOPICAL TERM | |
| Topical term or geographic name entry element | MCE |
| 9 (RLIN) | 379 |
| 700 1# - ADDED ENTRY--PERSONAL NAME | |
| Personal name | Scott, J. C. |
| 9 (RLIN) | 39379 |
| 942 ## - ADDED ENTRY ELEMENTS (KOHA) | |
| Source of classification or shelving scheme | |
| Koha item type | Book |
| Withdrawn status | Lost status | Source of classification or shelving scheme | Damaged status | Not for loan | Permanent Location | Current Location | Date acquired | Total Checkouts | Full call number | Barcode | Date last seen | Price effective from | Koha item type |
|---|---|---|---|---|---|---|---|---|---|---|---|---|---|
| Military College of Engineering (MCE) | Military College of Engineering (MCE) | 04/04/2014 | 516 MOR | MCE-3389 | 04/04/2014 | 03/14/2021 | Book |
